Bezpečnosť a ochrana zdravia pri práci vo vybranom podniku bakalárska práca

Guardado en:
Detalles Bibliográficos
Autor principal: Ševčík, Jakub, 1995-
Autor Corporativo: Fakulta podnikového manažmentu EU. Katedra manažmentu
Otros Autores: Matkovčíková, Natália, 1982-
Formato: Libro
Lenguaje:eslovaco
Publicado: Bratislava 2017
Etiquetas: Agregar Etiqueta
Sin Etiquetas, Sea el primero en etiquetar este registro!

MARC

LEADER 00000nbm a2200000 4500
001 0232466
005 20171215125924.1
041 0 |a slo 
044 |a SK 
245 1 0 |a Bezpečnosť a ochrana zdravia pri práci vo vybranom podniku  |b bakalárska práca  |c Jakub Ševčík ; školiteľ: Natália Matkovčíková 
264 1 |a Bratislava  |c 2017 
300 |a 62 s. 
100 1 |a Ševčík, Jakub, 1995- 
700 1 |a Matkovčíková, Natália, 1982- 
710 2 |a Fakulta podnikového manažmentu EU. Katedra manažmentu